Verejná správa Revue pre miestnu štátnu správu a samosprávu
Saved in:
| Format: | Serial |
|---|---|
| Language: | Slovak |
| Published: |
Bratislava
ŠEVT
1992
|
| Subjects: | |
| Tags: |
No Tags, Be the first to tag this record!
|
MARC
| LEADER | 00000nas2a2200000 4500 | ||
|---|---|---|---|
| 001 | s016467 | ||
| 005 | 20180117154310.6 | ||
| 041 | 0 | |a slo | |
| 044 | |a SK | ||
| 245 | 1 | 0 | |a Verejná správa |b Revue pre miestnu štátnu správu a samosprávu |
| 264 | 1 | |a Bratislava |b ŠEVT |c 1992 | |
| 300 | |a 2 zv. | ||
| 773 | 0 | |w eu_un_cat*s120033 | |
| 610 | 2 | 0 | |a správa verejná |